Por un país saludable

Uloženo v:
Podrobná bibliografie
Korporativní autor: Congreso chileno de promoción de la salud (Autor)
Médium: Kniha
Jazyk:španělština
Vydáno: Santiago Visa Chile 1999
Témata:
Tagy: Přidat tag
Žádné tagy, Buďte první, kdo vytvoří štítek k tomuto záznamu!

MARC

LEADER 00000nam a2200000 a 4500
001 UCP8840
003 CL-VaPUC
005 20230511074345.0
008 000317e19990000cl 1 spa d
082 0 4 |a 613  |b CON  |2 21 
110 2 |a Congreso chileno de promoción de la salud  |e author  |9 619690 
245 1 0 |a Por un país saludable 
260 |a Santiago  |b Visa Chile  |c 1999 
300 |a 371 p 
583 |a last modification  |c 20000317 00:00:00  |k Rodrigo Vera 
650 0 0 |a Salud  |9 258663 
650 0 0 |a Salud mental  |9 308393 
650 0 0 |a Participación social  |9 256140 
650 0 0 |a Congresos  |9 257560 
942 |c BK 
945 |a rbrito  |d 20000317 00:00:00 
546 |a En Español 
518 |p Congreso chileno de promoción de la salud, 1, Santiago, 1999 
999 |c 383524  |d 383522 
952 |0 0  |1 0  |4 0  |6 613_000000000000000_CON_1999  |7 0  |8 P  |9 505668  |a BIBEDU  |b BIBEDU  |c BIBEDU_PB  |d 2020-01-23  |i 3594866  |o 613 CON 1999  |p 3594866  |r 2024-01-25  |w 2020-01-23  |y BK  |k BME